Rapports des comités: Industrie de lhabillement, industrie du cuir et de la chaussure
Guardado en:
| Formato: | Libro |
|---|---|
| Lenguaje: | Undetermined |
| Publicado: |
Paris
La documention francaise
1971
|
| Materias: | |
| Etiquetas: |
Agregar Etiqueta
Sin Etiquetas, Sea el primero en etiquetar este registro!
|
| Thư viện lưu trữ: | Trung tâm Học liệu Trường Đại học Cần Thơ |
|---|
| LEADER | 00571nam a2200181Ia 4500 | ||
|---|---|---|---|
| 001 | CTU_80800 | ||
| 008 | 210402s9999 xx 000 0 und d | ||
| 082 | |a 685.3 | ||
| 082 | |b R221 | ||
| 245 | 0 | |a Rapports des comités: Industrie de lhabillement, industrie du cuir et de la chaussure | |
| 245 | 0 | |c Commissariat general du plan | |
| 260 | |a Paris | ||
| 260 | |b La documention francaise | ||
| 260 | |c 1971 | ||
| 650 | |a Clothing trade,Leather industry and trade | ||
| 650 | |z France | ||
| 904 | |i Trọng Hải | ||
| 980 | |a Trung tâm Học liệu Trường Đại học Cần Thơ | ||